000 00864nam a2200241 a 4500
001 13810
003 BD-JhCC
005 20240415095327.0
008 240415b2018 bg |||| ||a| 000 0 ben d
020 _a9789843445759
035 _a(BD-JhCC)13810
040 _aBD-JhCC
_dBD-JhCC
041 _aBengali
082 _a297.1
_bALF 2018
100 _a আল-ফীফী,শাইখ আলী জাবির
245 _aতিনিই আমার রব /
_cশাইখ আলী জাবির আল-ফীফী , অনু: আব্দুল্লাহ মজুমদার
260 _aঢাকা:
_bসমকালীন প্রকাশন;
_c2018.
300 _a168 p. :
_c22 cm.
650 _aIslamic
_xFaith
_zAqeedah and Tawbah
700 _a মজুমদার,আব্দুল্লাহ
942 _2ddc
_cBK
999 _c13810
_d13810